| 000 | 00976nam a2200229Ia 4500 | ||
|---|---|---|---|
| 003 | Ost | ||
| 005 | 20260507075540.0 | ||
| 008 | 260507s9999||||xx |||||||||||||| ||und|| | ||
| 020 | _a97757586798 | ||
| 040 | _cfsecg | ||
| 041 | _aara | ||
| 082 | _a341.75 | ||
| 100 |
_aروبرت، رايتش.ب _eمؤلف |
||
| 245 | 0 |
_aالسياسة الجديدة في إقتصاد الأمم و الشبكات الاقتصادية العالمية / _c رايتش.ب روبرت |
|
| 260 |
_aالقاهرة: _bدار الكتاب الحديث, _c2008 |
||
| 300 |
_a367 صفحة؛ _bإيضاحات ؛ _c24 سم |
||
| 520 | _aيضم الأمة الإقتصادية، الشبكة العالمية، ظهور المحلل الرمزي وحوافز السوق، معنى الأمة والهوية القومية في عالم ما بعد السوفيت | ||
| 653 | _aالإقتصاد الدولي | ||
| 653 | _aالأمة | ||
| 653 | _aحوافز الإنتاج | ||
| 942 | _cكتاب | ||
| 999 |
_c44861 _d44861 |
||